000 00758nam a22002177a 4500
005 20240530110337.0
008 141021s au gr 000 pdara d
017 _a4327/1428
020 _a9960620565
040 _aEG-CaGPL
082 0 4 _221
_a810.974\
_bع ع
100 0 _aعالى سرحان القرشى
245 1 _aعكاظ :
_bوحى الابداع وتجليات الوعى /
_cعالى سرحان القرشى
260 _aالسعودية :
_bمطبوعات نادى الطائف الادبى ،
_c2007
300 _a97 ص ؛
_c20 سم
650 0 4 _aسوق عكاظ
650 0 4 _aالشعر العربى
_zالسعودية
700 _aعاطف السيد بهجات
_eمؤلف مشارك
942 _2ddc
_cBK
999 _c59812
_d59812